000 00286nam a22001337a 4500
008 170801b xxu||||| |||| 00| 0 eng d
020 _a2900130319950
041 _aeng
080 _a004
100 _a32
101 _aSHKI
245 _aDATABASE SYSTEMS
_cGARCIA, H
942 _2udc
_cBK
999 _c22360
_d22360